Understanding, developing, and writing effective IEPs (Record no. 1391023)

MARC details
000 -LEADER
fixed length control field 00729nam a2200241Ia 4500
005 - DATE AND TIME OF LATEST TRANSACTION
control field 20250508164752.0
008 - FIXED-LENGTH DATA ELEMENTS--GENERAL INFORMATION
fixed length control field 008 250505s9999 xx 000 0 eng d
020 ## - INTERNATIONAL STANDARD BOOK NUMBER
International Standard Book Number 978-1-4129-1786-5
037 ## - SOURCE OF ACQUISITION
Stock number Textual
040 ## - CATALOGING SOURCE
Original cataloging agency FEDL
Language of cataloging eng
Transcribing agency FEDL
041 ## - LANGUAGE CODE
Language code of text/sound track or separate title eng
Source of code eng
084 ## - COLON CLASSIFICATION NUMBER
Classification number 371.9, PIE
Assigning agency FEDL
100 ## - MAIN ENTRY--PERSONAL NAME
Personal name Pierangelo Roger
245 #0 - TITLE STATEMENT
Title Understanding, developing, and writing effective IEPs
260 ## - PUBLICATION, DISTRIBUTION, ETC.
Place of publication, distribution, etc. California, USA
Name of publisher, distributor, etc. Corwin Press
Date of publication, distribution, etc. 2007
300 ## - PHYSICAL DESCRIPTION
Extent xii,158p.
365 ## - TRADE PRICE
Price type code USD
Price amount 28.95
490 ## - SERIES STATEMENT
Series statement A step-by-step guide for educators
546 ## - LANGUAGE NOTE
Language note IEPs - Individualized education programmes
700 ## - ADDED ENTRY--PERSONAL NAME
Personal name Giuliani George
9 (RLIN) 779120
942 ## - ADDED ENTRY ELEMENTS (KOHA)
Koha item type Textual
Classification part 371.9, PIE
Holdings
Withdrawn status Lost status Damaged status Not for loan Home library Current library Date acquired Cost, normal purchase price Total Checkouts Full call number Barcode Date last seen Price effective from Koha item type
        Department of Education Library Department of Education Library 2025-05-08 28.95   371.9, PIE EL0084650 2025-05-08 2025-05-08 Textual
Copyright @ Delhi University Library System